Normal view
MARC view
- Agbinya, Johnson I
Entry Personal Name
001 - CONTROL NUMBER
- control field: 81636
003 - CONTROL NUMBER IDENTIFIER
- control field: NUST
005 - DATE AND TIME OF LATEST TRANSACTION
- control field: 20210823130652.0
008 - FIXED-LENGTH DATA ELEMENTS
- fixed length control field: 210823|| aca||aabn | a|a d
040 ## - CATALOGING SOURCE
- Original cataloging agency: NUST
- Transcribing agency: NUST
100 ## - HEADING--PERSONAL NAME
- Personal name: Agbinya, Johnson I
670 ## - SOURCE DATA FOUND
- Source citation: Work cat.: (NUST)32531: Agbinya, Johnson I., IP COMMUNICATIONS AND SERVICES FOR NGN /, 2008.
